What is Islam? /

محفوظ في:

المؤلف الرئيسي: Watt, W. Montgomery (مؤلف)

التنسيق: كتاب

اللغة: English

منشور في: London : Beirut : Longmans ; Librairie du Liban, 1968.

سلاسل: Arab background series.

الموضوعات:

الوسوم: إضافة وسم

لا توجد وسوم, كن أول من يضع وسما على هذه التسجيلة!

رقم الطلب: BP161.2 .W35 1968

LEADER 00800nam a22002651 4500
001 3966
003 OSt
005 20250925072407.0
008 130303s1968 enk b 000 0 eng d
010 |a 72366123 
015 |a B68-24442 
029 1 |a UKM  |b b6824442 
035 |a ocm00038918 
040 |c ARCE Library 
050 4 |a BP161.2 .W35 1968 
100 1 |a Watt, W. Montgomery,   |q (William Montgomery),   |e author 
245 1 0 |a What is Islam? /   |c [By] W. Montgomery Watt. 
264 1 |a London :   |b Longmans ;   |a Beirut :  |b Librairie du Liban,  |c 1968.  |6 London : Longmans ; Beirut : Librairie du Liban, 1968. 
300 |a x, 256 pages ;  |c 23 cm. 
490 0 |a Arab background series. 
504 |a Bibliography : pages 240-242. 
650 0 |a Islam. 
901 |a reviewed 
942 |c BK  |2 lcc 
999 |c 5512  |d 5512